Parejas sanas para familias e iglesias sanas : Carta abierta a la comunidad evangélica (Registro nro. 52147)
[ vista simple ]
| 000 -LÍDER | |
|---|---|
| Campo fijo de descripción fija | 00921aab a2200193 i 4500 |
| 001 - NÚMERO DE CONTROL | |
| Campo de control | 768714001 |
| 003 - IDENTIFICADOR DEL NÚMERO DE CONTROL | |
| Campo de control | CO-MdFUSB |
| 005 - FECHA Y HORA DE LA ULTIMA TRANSACCIÓN | |
| control field | 20240422113428.0 |
| 008 - ELEMENTOS DE LONGITUD FIJA -- INFORMACIÓN GENERAL | |
| Campo fijo de descripción fija -- Información general | 240422t1995 ag ||||| |||| 00| 0 spa d |
| 040 ## - FUENTE DE CATALOGACIÓN | |
| Idioma de catalogación | spa |
| Agencia que realiza la transcripción | CO-MdFUSB |
| 041 ## - CÓDIGO DE IDIOMA | |
| Código de idioma para texto/pista de sonido o título separado | spa |
| 245 1# - TÍTULO | |
| Título | Parejas sanas para familias e iglesias sanas : Carta abierta a la comunidad evangélica |
| Subtitulo | carta abierta a la comunidad evangélica |
| 300 ## - DESCRIPCIÓN FÍSICA | |
| Extensión | Volumen 14, número 2 (abril - junio, 1995) páginas: 6 - 7 |
| Dimensiones | ; 27 cm |
| 520 ## - NOTA DE RESUMEN, ETC. | |
| Nota de sumario, etc. | Carta abierta a la comunidad evangélica donde se les encomia a esforzarse en pro de la formación de parejas sanas que sean la base para familias que se integren a la familia de Dios, que es la Iglesia. |
| 650 #0 - ASIENTO SECUNDARIO DE MATERIA - TERMINO TEMÁTICO | |
| Término temático o nombre geográfico como elemento de entrada | Familias |
| 9 (RLIN) | 292 |
| 650 #7 - ASIENTO SECUNDARIO DE MATERIA - TERMINO TEMÁTICO | |
| Término temático o nombre geográfico como elemento de entrada | Matrimonio |
| Subdivisión general | Aspectos religiosos |
| Término temático que sigue al nombre geográfico como elemento de entrada | Cristianismo |
| 9 (RLIN) | 291 |
| 773 0# - ASIENTO DE ITEM FUENTE | |
| Título | Iglesia y Misión |
| Biblionumber | 49402 |
| Itemnumber | 59643 |
| Parte(s) relacionada(s) / Volumen., número. (mes año), páginas | Volumen 14, número 2 (abril - junio, 1995) páginas: 6 - 7 |
| Enumeración y primera página | página: 6 |
| 942 ## - TIPO DE MATERIAL (KOHA) | |
| Tipo de Item KOHA | Artículos de Revista |
No hay ítems disponibles.
